[Event "San Francisco TNM Fall op"]
[Site "San Francisco"]
[Date "2011.11.08"]
[Round "4"]
[White "Litowsky, Daniel"]
[Black "Henry, Joseph"]
[Result "0-1"]
[WhiteElo "1700"]
[BlackElo "1287"]
[PlyCount "38"]
[EventDate "2011.10.18"]
[EventType "swiss"]
[EventRounds "9"]
[EventCountry "USA"]
[SourceTitle "EXT 2016"]
[Source "ChessBase"]
[SourceDate "2015.10.08"]
[SourceVersion "1"]
[SourceVersionDate "2015.10.08"]
[SourceQuality "1"]

1. e4 c5 2. Nc3 Nc6 3. Bc4 d6 4. a3 Nf6 5. h3 g6 6. Nf3 Bg7 7. d3 0-0 8. 0-0 a6 9. Ne2 h6 10. c3 b5 11. Bb3 Qc7 12. Ng3 Na5 13. Ba2 c4 14. Nh2 Bb7 15. Ng4 Nxg4 16. Qxg4 Nb3 17. Bxb3 cxb3 18. f4 h5 19. Qh4 Bf6 0-1

[Event "San Francisco TNM Fall op"]
[Site "San Francisco"]
[Date "2011.11.01"]
[Round "3"]
[White "Olson, David L"]
[Black "Litowsky, Daniel"]
[Result "0-1"]
[WhiteElo "1400"]
[BlackElo "1700"]
[PlyCount "64"]
[EventDate "2011.10.18"]
[EventType "swiss"]
[EventRounds "9"]
[EventCountry "USA"]
[SourceTitle "EXT 2016"]
[Source "ChessBase"]
[SourceDate "2015.10.08"]
[SourceVersion "1"]
[SourceVersionDate "2015.10.08"]
[SourceQuality "1"]

1. e4 e5 2. Nf3 Nc6 3. Bc4 Bc5 4. c3 Nf6 5. 0-0 0-0 6. d4 exd4 7. e5 Ng4 8. cxd4 Be7 9. d5 Ncxe5 10. Nxe5 Nxe5 11. Bb3 d6 12. f4 Ng6 13. Nc3 Bf5 14. Qh5 Qd7 15. Bd2 Bg4 16. Ba4 Qc8 17. Qxg6 fxg6 18. Rae1 Bf6 19. Ne4 Bd4+ 20. Kh1 Qd8 21. Ng5 h6 22. Ne4 Bf5 23. Rf3 Bxe4 24. Rxe4 Bxb2 25. Rb4 Qf6 26. Rg3 a6 27. Bc2 Rfe8 28. Rxg6 Qe7 29. h3 Bf6 30. f5 Qe2 31. Bxh6 Qxc2 32. Rbg4 Re1+ 0-1

[Event "San Francisco TNM Spring op"]
[Site "San Francisco"]
[Date "2011.04.05"]
[Round "4"]
[White "Litowsky, Daniel"]
[Black "Nelson, Christopher"]
[Result "1-0"]
[WhiteElo "1700"]
[BlackElo "1524"]
[PlyCount "87"]
[EventDate "2011.03.15"]
[EventType "swiss"]
[EventRounds "8"]
[EventCountry "USA"]
[SourceTitle "EXT 2012"]
[Source "ChessBase"]
[SourceDate "2011.11.24"]
[SourceVersion "1"]
[SourceVersionDate "2011.11.24"]
[SourceQuality "1"]

1. e4 e5 2. Nc3 Nc6 3. Bc4 Nf6 4. Nf3 Be7 5. a3 d6 6. h3 0-0 7. d3 h6 8. 0-0 Na5 9. Ba2 c5 10. Ne2 Qe8 11. Ng3 Bd8 12. Bd2 Nc6 13. c3 Be6 14. Nh2 b5 15. f4 Bxa2 16. Rxa2 Qe6 17. Ra1 c4 18. f5 Bb6+ 19. Kh1 Qd7 20. dxc4 bxc4 21. Qe2 Na5 22. Rad1 Qc6 23. Ng4 Nxg4 24. Qxg4 Kh8 25. Nh5 Rg8 26. Qh4 Bd8 27. f6 g5 28. Qf2 Qxe4 29. Ng3 Qh7 30. Be3 Nb7 31. Qf3 e4 32. Nxe4 Bb6 33. Bxb6 axb6 34. Nxd6 Nxd6 35. Rxd6 b5 36. Rfd1 Rab8 37. Rd7 Rge8 38. Qd5 Kg8 39. Rb7 Rxb7 40. Qxb7 Qf5 41. Qc6 Re6 42. Qd5 Re1+ 43. Kh2 Rh1+ 44. Kxh1 1-0

[Event "San Francisco TNM Winter op"]
[Site "San Francisco"]
[Date "2011.02.22"]
[Round "8"]
[White "Litowsky, Daniel"]
[Black "Frank, Robert"]
[Result "1-0"]
[WhiteElo "1700"]
[BlackElo "1291"]
[PlyCount "79"]
[EventDate "2011.01.04"]
[EventType "swiss"]
[EventRounds "8"]
[EventCountry "USA"]
[SourceTitle "EXT 2012"]
[Source "ChessBase"]
[SourceDate "2011.11.24"]
[SourceVersion "1"]
[SourceVersionDate "2011.11.24"]
[SourceQuality "1"]

1. e4 e5 2. Nc3 Nf6 3. Bc4 Nxe4 4. Bxf7+ Kxf7 5. Nxe4 Be7 6. Nf3 Bf6 7. h3 Re8 8. 0-0 d5 9. Ng3 e4 10. Nh2 Kg8 11. Ng4 Bxg4 12. Qxg4 Qd7 13. Qe2 Nc6 14. c3 Re7 15. b3 Rf8 16. Ba3 Ne5 17. Bxe7 Bxe7 18. d4 Ng6 19. Rae1 Nf4 20. Qc2 Nxh3+ 21. gxh3 Qxh3 22. Re3 Rf3 23. Qe2 Rf6 24. Nxe4 Rg6+ 25. Ng3 Rh6 26. Rd1 Qh2+ 27. Kf1 Qh3+ 28. Ke1 Bf8 29. Kd2 Qd7 30. Rh1 Ra6 31. a4 g6 32. Qb5 Qxb5 33. axb5 Ra2+ 34. Kd3 Rxf2 35. Ne2 Rf6 36. Rhh3 h5 37. Rhf3 Kf7 38. Rxf6+ Kxf6 39. Nf4 Bh6 40. Nxd5+ 1-0

[Event "San Francisco TNM Winter op"]
[Site "San Francisco"]
[Date "2011.02.15"]
[Round "7"]
[White "Bertot, German"]
[Black "Litowsky, Daniel"]
[Result "1-0"]
[WhiteElo "1563"]
[BlackElo "1700"]
[PlyCount "75"]
[EventDate "2011.01.04"]
[EventType "swiss"]
[EventRounds "8"]
[EventCountry "USA"]
[SourceTitle "EXT 2012"]
[Source "ChessBase"]
[SourceDate "2011.11.24"]
[SourceVersion "1"]
[SourceVersionDate "2011.11.24"]
[SourceQuality "1"]

1. d4 d5 2. c4 c6 3. Nf3 Nf6 4. Nc3 Bf5 5. Bg5 Nbd7 6. e3 e6 7. Be2 Bb4 8. a3 Bxc3+ 9. bxc3 Qa5 10. Qb3 0-0 11. Qb4 Qb6 12. c5 Qxb4 13. cxb4 a6 14. 0-0 h6 15. Bf4 Ne4 16. Rfc1 Ra7 17. h3 Rfa8 18. Bc7 Rc8 19. Bf4 f6 20. a4 Kf7 21. Bh2 g5 22. Kf1 Kg6 23. g4 Re8 24. gxf5+ exf5 25. Ke1 h5 26. Nd2 Nxd2 27. Kxd2 Re4 28. Rg1 Ra8 29. Rg2 Rae8 30. Rag1 Rh4 31. Rg3 Nf8 32. Bd3 Ne6 33. Rf3 Ng7 34. Bd6 g4 35. Rfg3 Kg5 36. Bf4+ Kg6 37. hxg4 hxg4 38. Rxg4+ 1-0

[Event "San Francisco TNM Winter op"]
[Site "San Francisco"]
[Date "2011.02.08"]
[Round "6"]
[White "Litowsky, Daniel"]
[Black "Allen, Tom"]
[Result "1-0"]
[WhiteElo "1700"]
[BlackElo "1507"]
[PlyCount "122"]
[EventDate "2011.01.04"]
[EventType "swiss"]
[EventRounds "8"]
[EventCountry "USA"]
[SourceTitle "EXT 2012"]
[Source "ChessBase"]
[SourceDate "2011.11.24"]
[SourceVersion "1"]
[SourceVersionDate "2011.11.24"]
[SourceQuality "1"]

1. e4 e5 2. Nc3 Nf6 3. Bc4 Nxe4 4. Bxf7+ Kxf7 5. Nxe4 d5 6. Qf3+ Kg8 7. Ng3 Be6 8. Nh3 c5 9. d3 h6 10. Bd2 Nc6 11. Ne2 Qd7 12. a3 Bg4 13. Qe3 Bd6 14. 0-0-0 d4 15. Qe4 Rf8 16. f3 Bf5 17. Qh4 Be7 18. Qe1 Bxh3 19. gxh3 Qxh3 20. f4 exf4 21. Nxf4 Qf5 22. Rg1 Bg5 23. Qe6+ Qxe6 24. Nxe6 Bxd2+ 25. Rxd2 Rf7 26. Rdg2 g5 27. h4 Ne5 28. hxg5 h5 29. g6 Rf6 30. Nxc5 Ng4 31. Nxb7 Rxg6 32. Nc5 Kh7 33. Nb3 Rd8 34. Re2 Rg7 35. Re4 Rgd7 36. Rf1 Kg6 37. Rff4 Nf6 38. Rxd4 Rxd4 39. Rxd4 Rxd4 40. Nxd4 h4 41. Kd2 h3 42. Nf3 Ng4 43. c4 h2 44. Nxh2 Nxh2 45. Kc3 Kf6 46. b4 Ke6 47. a4 Ng4 48. d4 Kd6 49. b5 Nf6 50. Kb4 Nd7 51. c5+ Kc7 52. d5 Kb8 53. a5 Kc7 54. d6+ Kc8 55. c6 Nf6 56. b6 axb6 57. axb6 Ne4 58. d7+ Kd8 59. Kb5 Nc3+ 60. Ka6 Nd5 61. b7 Nc7+ 1-0

[Event "San Francisco TNM Peter Grey op"]
[Site "San Francisco"]
[Date "2010.08.31"]
[Round "5"]
[White "Litowsky, Daniel"]
[Black "Wang, Yuan1111"]
[Result "0-1"]
[WhiteElo "1700"]
[BlackElo "1909"]
[PlyCount "44"]
[EventDate "2010.08.03"]
[EventType "swiss"]
[EventRounds "9"]
[EventCountry "USA"]
[SourceTitle "EXT 2012"]
[Source "ChessBase"]
[SourceDate "2011.11.24"]
[SourceVersion "1"]
[SourceVersionDate "2011.11.24"]
[SourceQuality "1"]

1. e4 c5 2. Nc3 Nc6 3. Bc4 e6 4. a3 Nge7 5. Nf3 g6 6. d3 Bg7 7. 0-0 0-0 8. Bg5 a6 9. Qd2 Nd4 10. Nxd4 Bxd4 11. Nd1 b5 12. Bb3 Bb7 13. c3 Bg7 14. f4 h6 15. Bh4 d5 16. exd5 exd5 17. Nf2 Qd7 18. Rae1 Nf5 19. Bg3 h5 20. Nh3 d4 21. Bf2 Qc6 22. Bg3 h4 0-1

[Event "San Francisco TNM Peter Grey op"]
[Site "San Francisco"]
[Date "2010.08.10"]
[Round "2"]
[White "Frank, Robert"]
[Black "Litowsky, Daniel"]
[Result "0-1"]
[WhiteElo "1353"]
[BlackElo "1700"]
[PlyCount "77"]
[EventDate "2010.08.03"]
[EventType "swiss"]
[EventRounds "9"]
[EventCountry "USA"]
[SourceTitle "EXT 2012"]
[Source "ChessBase"]
[SourceDate "2011.11.24"]
[SourceVersion "1"]
[SourceVersionDate "2011.11.24"]
[SourceQuality "1"]

1. d4 d5 2. Nf3 Nc6 3. e3 Nf6 4. c4 e6 5. Nc3 g6 6. c5 Bg7 7. Bb5 a6 8. Ba4 0-0 9. 0-0 Bd7 10. Re1 Ne7 11. e4 Bxa4 12. Nxa4 Nxe4 13. Nc3 Nxc3 14. bxc3 Nf5 15. Rb1 Rb8 16. Bf4 Qd7 17. a4 b6 18. cxb6 Rxb6 19. Rxb6 cxb6 20. Be5 Bxe5 21. Nxe5 Qc7 22. Qb3 Rc8 23. Rc1 Nxd4 24. Qd1 Qxe5 25. cxd4 Rxc1 26. Qxc1 Qxd4 27. Qc8+ Kg7 28. Qxa6 Qd1+ 29. Qf1 Qxa4 30. Qe1 Qe4 31. Kf1 Qxe1+ 32. Kxe1 Kf6 33. Kd2 Ke5 34. Kd3 f6 35. g3 b5 36. f4+ Kd6 37. Kd4 b4 38. h3 h6 39. g4 0-1

[Event "San Francisco TNM Summer op"]
[Site "San Francisco"]
[Date "2010.07.13"]
[Round "8"]
[White "Litowsky, Daniel"]
[Black "Hilliard, Michael"]
[Result "0-1"]
[WhiteElo "1707"]
[BlackElo "1422"]
[PlyCount "56"]
[EventDate "2010.05.25"]
[EventType "swiss"]
[EventRounds "8"]
[EventCountry "USA"]
[SourceTitle "EXT 2012"]
[Source "ChessBase"]
[SourceDate "2011.11.24"]
[SourceVersion "1"]
[SourceVersionDate "2011.11.24"]
[SourceQuality "1"]

1. e4 c6 2. d4 d5 3. e5 Bf5 4. Bd3 Bxd3 5. Qxd3 e6 6. Nf3 c5 7. c3 cxd4 8. cxd4 Bb4+ 9. Nc3 Ne7 10. 0-0 0-0 11. Bg5 Nbc6 12. a3 Ba5 13. Ne2 Qd7 14. h3 Nf5 15. Ng3 Nxg3 16. fxg3 Bd8 17. Bxd8 Qxd8 18. h4 f6 19. Rae1 Qb6 20. Re2 fxe5 21. Kh2 e4 22. Qe3 Rf6 23. Nd2 Rxf1 24. Nxf1 Qxd4 25. Qb3 Qb6 26. Qc3 Rf8 27. Nd2 Rf2 28. Rxf2 Qxf2 0-1

[Event "San Francisco TNM Summer op"]
[Site "San Francisco"]
[Date "2010.06.15"]
[Round "4"]
[White "Litowsky, Daniel"]
[Black "Lin, Michael"]
[Result "0-1"]
[WhiteElo "1707"]
[BlackElo "1974"]
[PlyCount "67"]
[EventDate "2010.05.25"]
[EventType "swiss"]
[EventRounds "8"]
[EventCountry "USA"]
[SourceTitle "EXT 2012"]
[Source "ChessBase"]
[SourceDate "2011.11.24"]
[SourceVersion "1"]
[SourceVersionDate "2011.11.24"]
[SourceQuality "1"]

1. e4 c5 2. Nc3 Nc6 3. a3 e6 4. Bc4 Nf6 5. d3 d5 6. exd5 exd5 7. Bb3 d4 8. Nce2 Bd6 9. h3 0-0 10. Nf3 b5 11. 0-0 Bb7 12. Bf4 Na5 13. Bxd6 Qxd6 14. Ng3 Nxb3 15. cxb3 Rfe8 16. Re1 Rxe1+ 17. Qxe1 Bxf3 18. gxf3 Re8 19. Qd2 Qe6 20. Kg2 Qxb3 21. Ne4 Nxe4 22. fxe4 h6 23. Rc1 Rd8 24. Rxc5 Rd6 25. Rc7 Rg6+ 26. Kh2 a6 27. Qc2 Qe6 28. f4 f5 29. e5 Qd5 30. Qf2 a5 31. Rc8+ Kh7 32. Rf8 Qb3 33. Qe2 Rc6 34. Kg3 0-1

[Event "San Francisco TNM Winter op"]
[Site "San Francisco"]
[Date "2010.02.23"]
[Round "8"]
[White "Litowsky, Daniel"]
[Black "Campers, William"]
[Result "0-1"]
[WhiteElo "1705"]
[BlackElo "1693"]
[PlyCount "50"]
[EventDate "2010.01.05"]
[EventType "swiss"]
[EventRounds "8"]
[EventCountry "USA"]
[SourceTitle "EXT 2012"]
[Source "ChessBase"]
[SourceDate "2011.11.24"]
[SourceVersion "1"]
[SourceVersionDate "2011.11.24"]
[SourceQuality "1"]

1. e4 e6 2. d4 d5 3. Nc3 Nf6 4. e5 Nfd7 5. Nf3 Be7 6. Bd3 b6 7. Ne2 Ba6 8. c3 Bxd3 9. Qxd3 c5 10. 0-0 0-0 11. Ng3 Nc6 12. a3 a5 13. h3 a4 14. Nh2 f6 15. f4 Na5 16. Be3 Nc4 17. Rab1 Rb8 18. Nf3 b5 19. Kh2 cxd4 20. Nxd4 Nc5 21. Qe2 Qd7 22. Rf3 fxe5 23. fxe5 Nxe5 24. Rxf8+ Rxf8 25. Nxb5 Nc4 0-1

[Event "San Francisco TNM Winter op"]
[Site "San Francisco"]
[Date "2010.02.16"]
[Round "7"]
[White "Standen, Julian"]
[Black "Litowsky, Daniel"]
[Result "0-1"]
[WhiteElo "1733"]
[BlackElo "1705"]
[PlyCount "82"]
[EventDate "2010.01.05"]
[EventType "swiss"]
[EventRounds "8"]
[EventCountry "USA"]
[SourceTitle "EXT 2012"]
[Source "ChessBase"]
[SourceDate "2011.11.24"]
[SourceVersion "1"]
[SourceVersionDate "2011.11.24"]
[SourceQuality "1"]

1. d4 d5 2. Nf3 Nf6 3. Bf4 Bf5 4. e3 Nbd7 5. c4 c6 6. Nc3 h6 7. h3 e6 8. Qb3 Qb6 9. c5 Qxb3 10. axb3 a6 11. b4 Be7 12. b5 0-0 13. bxa6 bxa6 14. Kd2 Nb8 15. Ne5 Ne4+ 16. Nxe4 Bxe4 17. f3 Bf5 18. g4 Bh7 19. Bd3 Bxd3 20. Nxd3 Rd8 21. h4 f6 22. Bg3 Ra7 23. f4 Rb7 24. Kc3 Rb5 25. b4 Rd7 26. Ra4 Bd8 27. Be1 Rdb7 28. Bd2 a5 29. Rb1 Na6 30. Kc2 Nxb4+ 31. Nxb4 axb4 32. Kb3 Bc7 33. Rba1 Kf7 34. Ra6 e5 35. f5 exd4 36. Rxc6 dxe3 37. Bxe3 Be5 38. Rb6 R5xb6 39. cxb6 Bxa1 40. Kxb4 d4 41. Bf4 Rxb6+ 0-1

[Event "San Francisco TNM Winter op"]
[Site "San Francisco"]
[Date "2010.01.26"]
[Round "4"]
[White "Litowsky, Daniel"]
[Black "Hilliard, Michael"]
[Result "1-0"]
[WhiteElo "1705"]
[BlackElo "1447"]
[PlyCount "79"]
[EventDate "2010.01.05"]
[EventType "swiss"]
[EventRounds "8"]
[EventCountry "USA"]
[SourceTitle "EXT 2012"]
[Source "ChessBase"]
[SourceDate "2011.11.24"]
[SourceVersion "1"]
[SourceVersionDate "2011.11.24"]
[SourceQuality "1"]

1. e4 c6 2. d4 d5 3. Nc3 dxe4 4. Nxe4 Nd7 5. Nf3 Ngf6 6. Ng3 Nb6 7. b3 g6 8. Bb2 Bg7 9. h3 Nbd5 10. c4 Qa5+ 11. Nd2 Nf4 12. Qf3 Bh6 13. Bc3 Qc7 14. Nge4 Bg7 15. g3 Ne6 16. Bg2 0-0 17. 0-0 Rd8 18. Qe3 Nxe4 19. Nxe4 Nxd4 20. Rad1 c5 21. Rd2 e5 22. a3 f5 23. Ng5 Qe7 24. Bd5+ Be6 25. Bxd4 Bxd5 26. Bxc5 f4 27. gxf4 Qf6 28. fxe5 Qc6 29. Rfd1 Bh6 30. Rxd5 Bxg5 31. Qxg5 Rxd5 32. Rxd5 Re8 33. Bd4 Re6 34. Qh6 Qc7 35. Rd6 Qe7 36. Rxe6 Qxe6 37. Bc5 Qc8 38. Bd6 Qd8 39. c5 Qe8 40. e6 1-0

[Event "San Francisco TNM Fall op"]
[Site "San Francisco"]
[Date "2009.11.10"]
[Round "4"]
[White "Krawczyk, Steven"]
[Black "Litowsky, Daniel"]
[Result "0-1"]
[WhiteElo "981"]
[BlackElo "1700"]
[PlyCount "68"]
[EventDate "2009.10.20"]
[EventType "swiss"]
[EventRounds "9"]
[EventCountry "USA"]
[SourceTitle "EXT 2012"]
[Source "ChessBase"]
[SourceDate "2011.11.24"]
[SourceVersion "1"]
[SourceVersionDate "2011.11.24"]
[SourceQuality "1"]

1. e4 e5 2. Nf3 Nc6 3. d4 exd4 4. c3 d6 5. Qb3 Be7 6. Bc4 f6 7. Bf7+ Kf8 8. Bd5 Na5 9. Qa3 c6 10. Bb3 d5 11. Qa4 Bc5 12. cxd4 b5 13. e5 bxa4 14. exf6 axb3 15. 0-0 Bd6 16. Ne5 Bxe5 17. dxe5 gxf6 18. Re1 fxe5 19. Rxe5 Qf6 20. Re3 Qd4 21. Nc3 Nf6 22. Rf3 Kg7 23. Be3 Qe5 24. Re1 Ne4 25. Bf4 Qe7 26. Rg3+ Kf7 27. Rf3 Ke8 28. a3 Nc4 29. Nd1 Bg4 30. Rxb3 Bxd1 31. Rxd1 Qc5 32. Be3 Nxe3 33. Rxe3 Rf8 34. Rde1 Qc2 0-1

[Event "San Francisco TNM Max Wilkerson op"]
[Site "San Francisco"]
[Date "2009.09.15"]
[Round "7"]
[White "Morgan, Jerry"]
[Black "Litowsky, Daniel"]
[Result "0-1"]
[WhiteElo "1414"]
[BlackElo "1705"]
[PlyCount "50"]
[EventDate "2009.08.03"]
[EventType "swiss"]
[EventRounds "9"]
[EventCountry "USA"]
[SourceTitle "EXT 2012"]
[Source "ChessBase"]
[SourceDate "2011.11.24"]
[SourceVersion "1"]
[SourceVersionDate "2011.11.24"]
[SourceQuality "1"]

1. f4 c5 2. Nf3 Nc6 3. e4 d6 4. Be2 Nf6 5. d3 g6 6. 0-0 Bg7 7. a4 b6 8. Na3 0-0 9. Qe1 Bb7 10. Nh4 Qd7 11. f5 Nd4 12. Bd1 a6 13. Nc4 Qc7 14. a5 b5 15. Nb6 Rae8 16. c3 Nc6 17. Bf4 Nxa5 18. Rxa5 Qxb6 19. Ra3 Nd7 20. Qg3 b4 21. fxg6 hxg6 22. Nxg6 fxg6 23. Qxg6 Rf7 24. Bb3 d5 25. Raa1 Qxg6 0-1

[Event "San Francisco TNM Max Wilkerson op"]
[Site "San Francisco"]
[Date "2009.08.04"]
[Round "2"]
[White "Manvelyan, Hayk"]
[Black "Litowsky, Daniel"]
[Result "1-0"]
[WhiteElo "2071"]
[BlackElo "1705"]
[PlyCount "51"]
[EventDate "2009.08.03"]
[EventType "swiss"]
[EventRounds "9"]
[EventCountry "USA"]
[SourceTitle "EXT 2012"]
[Source "ChessBase"]
[SourceDate "2011.11.24"]
[SourceVersion "1"]
[SourceVersionDate "2011.11.24"]
[SourceQuality "1"]

1. d4 d5 2. Nf3 Nf6 3. c4 c6 4. Nc3 e6 5. Bg5 Bb4 6. Qc2 Nbd7 7. e3 Qa5 8. Nd2 dxc4 9. Bxf6 Nxf6 10. Nxc4 Bxc3+ 11. bxc3 Qc7 12. Bd3 0-0 13. e4 h6 14. 0-0 b6 15. f4 Bb7 16. Qe2 c5 17. f5 cxd4 18. e5 Nd5 19. cxd4 exf5 20. Rxf5 Rae8 21. Nd6 Re6 22. Raf1 f6 23. Qf3 Bc6 24. Bc4 Rxd6 25. exd6 Qxd6 26. Bxd5+ 1-0

[Event "San Francisco TNM Summer op"]
[Site "San Francisco"]
[Date "2009.06.25"]
[Round "5"]
[White "Litowsky, Daniel"]
[Black "Russell, Joe Ryan"]
[Result "1-0"]
[WhiteElo "1700"]
[BlackElo "1820"]
[PlyCount "177"]
[EventDate "2009.05.26"]
[EventType "swiss"]
[EventRounds "8"]
[EventCountry "USA"]
[SourceTitle "EXT 2012"]
[Source "ChessBase"]
[SourceDate "2011.11.24"]
[SourceVersion "1"]
[SourceVersionDate "2011.11.24"]
[SourceQuality "1"]

1. e4 e5 2. Nc3 Nf6 3. Bc4 Bc5 4. h3 0-0 5. Nf3 d6 6. 0-0 Nc6 7. a3 Be6 8. Ba2 Bxa2 9. Rxa2 Nd7 10. d3 h6 11. Na4 f5 12. Nxc5 Nxc5 13. exf5 Rxf5 14. b4 Ne6 15. c3 Qf6 16. Qb3 Kh8 17. Nh2 Nf4 18. Bxf4 exf4 19. f3 Re8 20. Ng4 Qe7 21. Qc4 h5 22. Nf2 a6 23. d4 d5 24. Qd3 Rf6 25. Qd2 Qe3 26. Kh2 Rfe6 27. Nd3 Qxd2 28. Rxd2 g5 29. Nc5 Re3 30. Rc1 Nd8 31. a4 c6 32. a5 R8e7 33. c4 Nf7 34. cxd5 cxd5 35. Nd3 Nd6 36. Ne5 Kg7 37. Rc5 Re1 38. Rxd5 Nf5 39. Nd3 Kf6 40. Nxe1 Rxe1 41. Re5 Rb1 42. Rde2 Nxd4 43. Re1 Rb2 44. Kg1 Rxb4 45. R5e4 Nc6 46. Rxb4 Nxb4 47. Rb1 Nc6 48. Rxb7 Nxa5 49. Rb6+ Kf5 50. Rxa6 Nc4 51. Rc6 Ne5 52. Rc5 Kf6 53. Ra5 Nc4 54. Rc5 Ne5 55. Kf1 Ng6 56. Ke2 Nh4 57. Kf2 Nf5 58. Rc6+ Kf7 59. Ke1 Ne3 60. Kf2 Nf5 61. Rc7+ Ke6 62. Rh7 h4 63. Ke2 Ne3 64. Kd3 Nxg2 65. Ke4 Kf6 66. Rh6+ Kg7 67. Ra6 Ne3 68. Ke5 Kf7 69. Rf6+ Kg7 70. Ke6 Ng2 71. Kf5 Ne1 72. Rg6+ Kf7 73. Rxg5 Nxf3 74. Rg4 Nd4+ 75. Kxf4 Ne6+ 76. Ke5 Nf8 77. Kf5 Nh7 78. Rxh4 Nf6 79. Rh6 Ng8 80. Rh7+ Kf8 81. Ra7 Ne7+ 82. Kf6 Ng8+ 83. Kg5 Ne7 84. h4 Nc6 85. Rc7 Nd4 86. Kf6 Kg8 87. h5 Nb5 88. Rd7 Nc3 89. h6 1-0

[Event "San Francisco TNM Spring op"]
[Site "San Francisco"]
[Date "2009.04.21"]
[Round "6"]
[White "Cole, Tony"]
[Black "Litowsky, Daniel"]
[Result "0-1"]
[WhiteElo "1413"]
[BlackElo "1700"]
[PlyCount "80"]
[EventDate "2009.03.16"]
[EventType "swiss"]
[EventRounds "8"]
[EventCountry "USA"]
[SourceTitle "EXT 2012"]
[Source "ChessBase"]
[SourceDate "2011.11.24"]
[SourceVersion "1"]
[SourceVersionDate "2011.11.24"]
[SourceQuality "1"]

1. e4 e5 2. Nf3 Nc6 3. d4 exd4 4. Nxd4 Nf6 5. Bg5 Be7 6. Nc3 h6 7. Bh4 0-0 8. g4 Nxd4 9. Qxd4 d6 10. f3 a6 11. 0-0-0 Be6 12. g5 hxg5 13. Bxg5 Ne8 14. Bf4 Bg5 15. Ne2 Bxf4+ 16. Nxf4 Qg5 17. Qd2 b5 18. h4 Qf6 19. h5 c5 20. h6 g6 21. Be2 Kh7 22. Nd5 Bxd5 23. exd5 c4 24. f4 Qf5 25. Rdg1 Nf6 26. Rg5 Qe4 27. Rf1 Rae8 28. Bf3 Qe3 29. f5 Qxd2+ 30. Kxd2 Kxh6 31. Rg2 Nh5 32. Bxh5 gxh5 33. Rfg1 Re5 34. Rg8 Rxd5+ 35. Kc1 Rxg8 36. Rxg8 Rxf5 37. Ra8 h4 38. Rxa6 Rf6 39. Ra5 h3 40. Rxb5 h2 0-1